Vývoj softvéru pre nositeľnú elektroniku monitorujúcu vplyv ľudského stresu na vybrané fyziologické parametre

Salvato in:
Dettagli Bibliografici
Autore principale: Baranovič, Ján (Autore)
Altri autori: Mičjan, Michal (Relatore della tesi)
Natura: Manoscritto Libro
Lingua:slovacco
Pubblicazione: 2025
Soggetti:
Accesso online:http://is.stuba.sk/zp/portal_zp.pl?podrobnosti=184362
Tags: Aggiungi Tag
Nessun Tag, puoi essere il primo ad aggiungerne!!

MARC

LEADER 00000ntm a22000003a 4500
001 stuzp101895
003 SK-STU
005 20250614210848.8
007 ta
008 150427s2015----xo-----f-mn---000-0-slo-d
040 |a STU  |b slo 
041 0 |a slo 
100 1 |a Baranovič, Ján  |u 033000  |4 aut  |U FEI Fakulta elektrotechniky a informatiky  |T FEI Ústav elektroniky a fotoniky  |X 96662  |U E030  |Y 549  |7 96662 
242 0 1 |a Development of Software for Wearable Electronics Monitoring the Impact of Human Stress on Selected Physiological Parameters  |y eng 
245 1 0 |a Vývoj softvéru pre nositeľnú elektroniku monitorujúcu vplyv ľudského stresu na vybrané fyziologické parametre 
260 |c 2025 
650 4 |a Photoplethysmograph  |2 eng 
650 4 |a Heart rate variability  |2 eng 
650 4 |a HRV dashboard  |2 eng 
650 4 |a Stress  |2 eng 
650 4 |a Telemedicine  |2 eng 
650 4 |a HRV dashboard  |2 slo 
650 4 |a Fotopletyzmografia  |2 slo 
650 4 |a Variabilita srdcovej frekvencie  |2 slo 
650 4 |a Stres  |2 slo 
650 4 |a Telemedicína  |2 slo 
700 1 |a Mičjan, Michal  |u 033000  |k Z2  |4 ths  |U FEI Fakulta elektrotechniky a informatiky  |T FEI Ústav elektroniky a fotoniky  |X 6212  |U E030  |Y 549  |7 A000006212 
856 4 |u http://is.stuba.sk/zp/portal_zp.pl?podrobnosti=184362